Introduction to digital electronics / (Record no. 181403)

000 -LEADER
fixed length control field 00701 a2200169 4500
003 - CONTROL NUMBER IDENTIFIER
control field Nust
005 - DATE AND TIME OF LATEST TRANSACTION
control field 20221121104617.0
040 ## - CATALOGING SOURCE
Transcribing agency Nust
082 ## - DEWEY DECIMAL CLASSIFICATION NUMBER
Classification number 621.381,LOA
100 ## - MAIN ENTRY--PERSONAL NAME
Personal name Lo, Arthur W.
9 (RLIN) 103242
245 ## - TITLE STATEMENT
Title Introduction to digital electronics /
Statement of responsibility, etc. Arthur W. Lo
260 ## - PUBLICATION, DISTRIBUTION, ETC.
Place of publication, distribution, etc. Addison-Wesley Pub. Co
Name of publisher, distributor, etc. Reading, Mass
Date of publication, distribution, etc. 1967
300 ## - PHYSICAL DESCRIPTION
Extent viii, 223 p
Other physical details illus
Dimensions 23 cm
505 ## - FORMATTED CONTENTS NOTE
Formatted contents note Basic Concepts (Page-1), Transistor Logic Circuits (Page-35), Cry electric and Opt electric Circuits (Page-96), Magnetic Logic Circuits (Page-116), Logic Circuits using Negative Resistance Switching Elements (Page-163), Random Access Memories (Page-193),
650 ## - SUBJECT ADDED ENTRY--TOPICAL TERM
Topical term or geographic name entry element Telecom engineering
9 (RLIN) 103227
942 ## - ADDED ENTRY ELEMENTS (KOHA)
Source of classification or shelving scheme
Koha item type Book
Holdings
Withdrawn status Lost status Source of classification or shelving scheme Damaged status Not for loan Permanent Location Current Location Shelving location Date acquired Full call number Barcode Date last seen Price effective from Koha item type Public note
          Military College of Signals (MCS) Military College of Signals (MCS) General Stacks 12/12/2016 621.381,LOA MCS248 12/08/2016 12/12/2016 Book Almirah No.31, Shelf No.3
          Military College of Signals (MCS) Military College of Signals (MCS) General Stacks 12/12/2016 621.381,LOA MCS6361 12/08/2016 12/12/2016 Book Almirah No.31, Shelf No.3
© 2023 Central Library, National University of Sciences and Technology. All Rights Reserved.